000 00439nam a22001577a 4500
999 _c27138
_d27138
003 BDDh-ASL
005 20231015030729.0
008 211025n xx ||||| |||| 00| 0 u d
040 _aBDDh-ASL
_cBDDh-ASL
082 _a297.3
_bTUH
245 0 0 _aTuhfatul Hind : / تحفـۃ الہند
300 _a132 p. :
_c25 cm.
505 _aPages are Missing From the Beginning . Partly Damaged .
650 0 _91652
_aIslam
942 _2ddc
_cBK